| 000 | 01656nam a22003974a 4500 | ||
|---|---|---|---|
| 001 | ebr5002094 | ||
| 003 | CaPaEBR | ||
| 006 | m u | ||
| 007 | cr cn||||||||| | ||
| 008 | 000417s2000 enka sb 001 0 eng | ||
| 010 | _z 00032302 | ||
| 020 | _z0415230969 | ||
| 020 | _z0415230977 (pbk.) | ||
| 040 |
_aCaPaEBR _cCaPaEBR |
||
| 035 | _a(OCoLC)559125166 | ||
| 050 | 1 | 4 |
_aLB2806.22 _b.M345 2000eb |
| 082 | 0 | 4 |
_a379.1/58/0941 _221 |
| 100 | 1 | _aMahony, Pat. | |
| 245 | 1 | 0 |
_aReconstructing teaching _h[electronic resource] : _bstandards, performance, and accountability / _cPat Mahony and Ian Hextall. |
| 260 |
_aLondon ; _aNew York : _bRoutledgeFalmer, _c2000. |
||
| 300 |
_ax, 181 p. : _bill. |
||
| 504 | _aIncludes bibliographical references (p. [163]-174) and index. | ||
| 533 |
_aElectronic reproduction. _bPalo Alto, Calif. : _cebrary, _d2013. _nAvailable via World Wide Web. _nAccess may be limited to ebrary affiliated libraries. |
||
| 650 | 0 |
_aEducational accountability _zGreat Britain. |
|
| 650 | 0 |
_aEducational accountability _vCross-cultural studies. |
|
| 650 | 0 |
_aTeachers _xTraining of _zGreat Britain. |
|
| 650 | 0 |
_aTeachers _xTraining of _vCross-cultural studies. |
|
| 650 | 0 |
_aEducation and state _zGreat Britain. |
|
| 650 | 0 |
_aEducation and state _vCross-cultural studies. |
|
| 650 | 0 |
_aEducational change _zGreat Britain. |
|
| 650 | 0 |
_aEducational change _vCross-cultural studies. |
|
| 655 | 7 |
_aElectronic books. _2local |
|
| 700 | 1 |
_aHextall, Ian, _d1941- |
|
| 710 | 2 | _aebrary, Inc. | |
| 856 | 4 | 0 |
_uhttp://site.ebrary.com/lib/rucke/Doc?id=5002094 _zAn electronic book accessible through the World Wide Web; click to view |
| 999 |
_c1359 _d1359 |
||